000 00429nmm a2200145Ia 4500
008 251105s9999||||xx |||||||||||||||||und||
041 _acat
100 _aLark, Sarah
245 0 _aLa llegenda de la muntanya de foc. Trilogia del foc 3
264 _a[Madrid, España] :
_bEdiciones B,
_c2016
300 _a768 páginas
650 _aOther narratives
856 _uhttps://public.digitaliapublishing.com/a/53891
942 _cCF
999 _c106070
_d106070